000
00288nam a2200121Ia 4500
008
190216s9999||||xx |||||||||||||| ||und||
100
_a
Banjammin Higgins
245
0
_a
Economic Development
260
_b
Vikas Publishing House
_c
1988
300
_a
803p
650
_a
Economics
942
_c
BK
999
_c
9239
_d
9239